000
00287 a2200109 4500
001
ART_54857
005
20260410161634.0
008
260409a
245
1
0
_a
Cartas de recomendaciones
100
1
_a
Nigro, Jorge O.
773
0
_t
Enfoques
_g
- N°11 (nov. 2021)
_w
REV416
999
_c
12706
_d
12706